000 00279nam a22001337a 4500
082 _a920
_bSRI/G
100 _aSRNIVASAN,ARCHANA
245 _aGREAT INVENTORS
250 _a2009
260 _aINDIA
_bFIRST EDITION
300 _a92
650 _aBIOGRAPHIES
_zCHENNAI
942 _cBK
999 _c6441
_d6441